000
00265nam a2200109Ia 4500
005
20251222153615.0
008
251222s9999||||xx |||||||||||||| ||spa||
082
_a
869.56/T83
100
_a
"Trujillo, Jorge A."
245
0
_a
La ironĂa de la rama negra
942
_c
LIB
999
_c
31763
_d
31763